000 00434nam a2200193Ia 4500
008 210210b1918 xxu||||| |||| 00| 0 eng d
041 _aeng
082 _a954/8
100 _aAIYANGAR (K S)
245 _aBeginnings of south Indian history
260 _aMadras
_b-
_c1918
650 _asouth
650 _aof
650 _aIndian
650 _ahistory
650 _aBeginnings
690 _aIndian History
906 _a025768
999 _c151679
_d151679